000 00594nam a2200229Ia 4500
005 20250425162740.0
008 250425s9999 xx 000 0 und d
020 _a0029165555
041 _aeng
082 _a658
100 _aJOHNSON, H THOMAS
245 0 _aRELEVANCE REGAINED: FROM TOP-DOWN CONTROL TO BOTTOM-UP EMPOWERMENT
250 _aS.E.
260 _aEstados Unidos
_bFREE PRESS
_c1992
260 _aNEW YORK
300 _a228
500 _aDONADO POR GUILLERMO AROSEMENA
650 _aRELACION CON EL CLIENTE
710 _aFREE PRESS
942 _c01
010 _a104687
999 _c235645
_d235645